000 00302nam a22001097a 4500
008 230619b xxu||||| |||| 00| 0 eng d
082 _a016.34
_bUN
100 _cUnited Nations Library Geneva
245 _aBibliographie Mensuelle Monthly Bibiliography
_bNo.11/12, 1998
300 _a241p
942 _2ddc
_cBK
999 _c1161
_d1161